The problem plays of Shakespeare ; a study of Julius Caesar, Measure for measure, Antony and Cleopatra.

Bibliographic Details
Main Author: Schanzer, Ernest
Format: Book
Language:English
Published: New York : Schocken Books, [1963]
Subjects:

MARC

Tag First Indicator Second Indicator Subfields
LEADER 00000cam a2200000 4500
001 in00000024501
005 20151007062402.0
008 720711s1963 nyu b 00000 eng u
010 |a  63009752  
035 |a (OCoLC)00352532 
035 |9 AAD4738AM 
040 |c WSU  |d TXA  |d UtOrBLW 
049 |a TXAM  |c [366164] 
050 0 |a PR2808  |b .S3 
092 |a 822.33  |b DS299 
100 1 |a Schanzer, Ernest. 
245 1 4 |a The problem plays of Shakespeare ;  |b a study of Julius Caesar, Measure for measure, Antony and Cleopatra. 
264 1 |a New York :  |b Schocken Books,  |c [1963] 
300 |a 196 pages ;  |c 23 cm. 
336 |a text  |b txt  |2 rdacontent 
337 |a unmediated  |b n  |2 rdamedia 
338 |a volume  |b nc  |2 rdacarrier 
504 |a Includes bibliography. 
600 1 0 |a Shakespeare, William,  |d 1564-1616.  |t Julius Caesar. 
600 1 0 |a Shakespeare, William,  |d 1564-1616.  |t Measure for measure. 
600 1 0 |a Shakespeare, William,  |d 1564-1616.  |t Antony and Cleopatra. 
999 |a MARS 
999 f f |s c2e4c211-e50f-3782-9116-598cceb151a9  |i e4ff59c5-3d3d-344b-b9a4-35e2ae06e7ae  |t 0 
952 f f |p normal  |a Texas A&M University  |b College Station  |c Sterling C. Evans Library  |d Evans: Library Stacks  |t 0  |e PR2808 .S3  |h Library of Congress classification  |i unmediated -- volume  |m A14801306684 
998 f f |a PR2808 .S3  |t 0  |l Evans: Library Stacks